Tacómetro digital basado en microcontrolador con interfase paralelo
Gardado en:
| Autor Principal: | |
|---|---|
| Outros autores: | |
| Formato: | Libro |
| Publicado: |
[San José , Costa Rica]
1996
|
| Materias: | |
| Etiquetas: |
Engadir etiqueta
Sen Etiquetas, Sexa o primeiro en etiquetar este rexistro!
|
MARC
| LEADER | 00000nam a2200000Ia 4500 | ||
|---|---|---|---|
| 003 | 007915 | ||
| 005 | 20221231144247.0 | ||
| 008 | 140114s1996 cr a m 000 ||s d | ||
| 040 | |c cru CEDI | ||
| 090 | |a TFG 3457 | ||
| 100 | |a Jiménez Guillén, Christian Ricardo |9 10373 | ||
| 245 | |a Tacómetro digital basado en microcontrolador con interfase paralelo | ||
| 260 | |c 1996 |a [San José , Costa Rica] | ||
| 300 | |a ix, 66 páginas : ilustraciones | ||
| 500 | |a Proyecto de graduación (bachillerato en ingeniería eléctrica)--Universidad de Costa Rica. Facultad de Ingeniería. Escuela de Ingeniería Eléctrica | ||
| 650 | |x DISPOSITIVOS PARA COMPUTADORAS |x DISEÑO DE SISTEMAS |x PROCESAMIENTO EN PARALELO (COMPUTADORAS ELECTRONICAS) |x ELECTRONICA DIGITAL |9 10375 | ||
| 700 | |9 10374 |a Hernández Varela, Néstor Gerardo | ||
| 942 | |c TFG | ||
| 999 | |c 19225 |d 19225 | ||
